| 000 | 00385nam a22001457a 4500 | ||
|---|---|---|---|
| 005 | 20240708123846.0 | ||
| 008 | 240708b |||||||| |||| 00| 0 eng d | ||
| 020 | _a978-81-930886-6-1 | ||
| 041 | _aeng | ||
| 100 |
_aTOMAR, LLAJARAM _98452 |
||
| 245 | _aBHARTIYA SHIKSHA MANOVIGYAN KE AADHAR | ||
| 260 |
_aKURUKSHETRA _bVIDHYA BHARTI SHIKSHA SANSTHAN |
||
| 300 | _a96;P | ||
| 942 | _cBK | ||
| 999 |
_c8569 _d8567 |
||